| 000 -LEADER |
| fixed length control field |
00720nam a2200217Ia 4500 |
| 001 - CONTROL NUMBER |
| control field |
2923 |
| 003 - CONTROL NUMBER IDENTIFIER |
| control field |
GE_BSU |
| 008 - FIXED-LENGTH DATA ELEMENTS--GENERAL INFORMATION |
| fixed length control field |
181216s||||||||xx |||||||||||||| ||und|| |
| 040 ## - CATALOGING SOURCE |
| Transcribing agency |
GE_BSU |
| 080 ## - UNIVERSAL DECIMAL CLASSIFICATION NUMBER |
| Universal Decimal Classification number |
628.16.034 |
| 100 ## - MAIN ENTRY--PERSONAL NAME |
| Personal name |
Гамер,П. Джексон,Д. Серстон,И. |
| 245 ## - TITLE STATEMENT |
| Title |
Очистка воды для промышленных предприятий. |
| 245 ## - TITLE STATEMENT |
| Statement of responsibility, etc. |
Науч. ред.В.И.Малов. |
| 250 ## - EDITION STATEMENT |
| Edition statement |
перевод с английского В.М.Кольнера. |
| 260 ## - PUBLICATION, DISTRIBUTION, ETC. |
| Place of publication, distribution, etc. |
М. |
| 260 ## - PUBLICATION, DISTRIBUTION, ETC. |
| Name of publisher, distributor, etc. |
Стройиздат. |
| 260 ## - PUBLICATION, DISTRIBUTION, ETC. |
| Date of publication, distribution, etc. |
1968. |
| 300 ## - PHYSICAL DESCRIPTION |
| Extent |
416стр.22см. |
| 653 ## - INDEX TERM--UNCONTROLLED |
| Uncontrolled term |
Очистка воды для промышленных предприятий. |
| 942 ## - ADDED ENTRY ELEMENTS (KOHA) |
| Koha item type |
წიგნი |